Elite Steelers Knowledge - Statistics

General Stats
  • This quiz has been taken 31 times
  • The average score is 6 of 10
Answer Stats
Hint Answer % Correct
This bald headed beauty played linebacker at The Ohio State University, and repped number 50 in Pittsburgh. Ryan Shazier
85%
Who started the love for tight ends in Pittsburgh? Heath Miller
81%
A controversal call against the Patriots involved this tight end losing the ball after breaking the plain. Jesse James
81%
Nicknamed "Deebo", he said, "I would have did everything I could to try and make that the most grotesque hit that the NFL had ever seen." James Harrison
77%
What QB started for 1 season in between Kordell Stewart and Ben Roethlisberger? Tommy Maddox
69%
Offensive tackle that was the only one who showed up for the national anthem in 2017. Alejandro Villanueva
62%
This wide receiver is starting to make a name for himself on the special teams side of the ball with his long blonde hair. Ben Skowronek
50%
What receiver was fighting for the number 2 spot in 2015? (NOT Martavis Bryant) Markus Wheaton
50%
This running back had controversay with his tweet regarding Osama Bin Laden. Rashard Mendenhall
46%
What NC State Alumn actually played for the browns, in the 80's, as a linebacker, but is still loved in Pittsburgh? (This player didn't play for Steelers) Bill Cowher
19%
No matching quizzes found
Score Distribution
Percent of People with Each Score
Percentile by Number Answered
Your Score History
You have not taken this quiz